[Event "CZE-chT2F 2223"]
[Site "Czech Republic"]
[Date "2023.02.19"]
[Round "9"]
[White "Slavinsky, Rostislav"]
[Black "Filip, Tomas1111"]
[Result "1/2-1/2"]
[WhiteElo "1931"]
[BlackElo "1908"]
[PlyCount "45"]
[EventDate "2022.10.16"]
[EventType "team-tourn"]
[EventRounds "11"]
[EventCountry "CZE"]
[SourceTitle "EXT 2024"]
[Source "ChessBase"]
[SourceDate "2023.10.10"]
[SourceVersion "1"]
[SourceVersionDate "2023.10.10"]
[SourceQuality "1"]
[WhiteTeam "Koprivnice Tatra"]
[BlackTeam "Dobra Sokol"]
[WhiteTeamCountry "CZE"]
[BlackTeamCountry "CZE"]

1. Nf3 e6 2. g3 Nf6 3. Bg2 d5 4. 0-0 c5 5. c4 Be7 6. cxd5 exd5 7. d4 h6 8. Nc3 0-0 9. Bf4 Nc6 10. dxc5 Bxc5 11. Rc1 Be6 12. Nb5 Qb6 13. a4 Ne4 14. e3 Rac8 15. Nfd4 Bd7 16. Nb3 Nb4 17. Bxe4 Bxb5 18. axb5 dxe4 19. Rxc5 Rxc5 20. Nxc5 Rd8 21. Nd7 Qe6 22. Qd4 Nd3 23. Nc5 1/2-1/2

[Event "Valasska Bystrice op"]
[Site "Valasska Bystrice"]
[Date "2016.09.12"]
[Round "4"]
[White "Slavinsky, Rostislav"]
[Black "Vlachopulos, Georgis"]
[Result "1-0"]
[WhiteElo "2075"]
[BlackElo "1893"]
[PlyCount "89"]
[EventDate "2016.09.10"]
[EventType "swiss"]
[EventRounds "9"]
[EventCountry "CZE"]
[SourceTitle "CBM 174 Extra"]
[Source "ChessBase"]
[SourceDate "2016.10.10"]
[SourceVersion "1"]
[SourceVersionDate "2016.10.10"]
[SourceQuality "1"]

1. Nf3 Nf6 2. c4 g6 3. g3 Bg7 4. Bg2 0-0 5. 0-0 c6 6. Nc3 d5 7. d4 e6 8. b3 Nbd7 9. e3 Qb6 10. Qe2 Qc7 11. Bb2 a5 12. Rac1 Qb8 13. Rfd1 Nb6 14. Ne5 Nfd7 15. Nxd7 Nxd7 16. e4 dxc4 17. bxc4 Re8 18. e5 Nb6 19. Ne4 Rd8 20. Ba3 Qc7 21. Bd6 Qd7 22. Nc5 Qe8 23. Rb1 Nd5 24. cxd5 exd5 25. Bc7 Rd7 26. Nxd7 Qxd7 27. Bb6 Bf8 28. Qd2 a4 29. Qf4 a3 30. Bc5 Bxc5 31. dxc5 Qe7 32. Qd4 Ra5 33. Rdc1 h5 34. h4 Bg4 35. f3 Bc8 36. Rb3 Kh7 37. Bf1 Be6 38. f4 Bg4 39. Qb4 Ra7 40. Rxa3 b5 41. Rxa7 Qxa7 42. a3 Kg7 43. Rc3 Bd1 44. e6 f6 45. Bh3 1-0

[Event "Ostrava Konik op-A"]
[Site "Ostrava"]
[Date "2016.05.05"]
[Round "6"]
[White "Slavinsky, Rostislav"]
[Black "Dvorak, Vladimir"]
[Result "1-0"]
[WhiteElo "2044"]
[BlackElo "2004"]
[PlyCount "49"]
[EventDate "2016.04.30"]
[EventType "swiss"]
[EventRounds "9"]
[EventCountry "CZE"]
[SourceTitle "CBM 172 Extra"]
[Source "ChessBase"]
[SourceDate "2016.06.21"]
[SourceVersion "1"]
[SourceVersionDate "2016.06.21"]
[SourceQuality "1"]

1. Nf3 e6 2. g3 f5 3. Bg2 Nf6 4. 0-0 Be7 5. c4 0-0 6. Nc3 d6 7. d4 Qe8 8. Qc2 Qh5 9. e4 e5 10. dxe5 dxe5 11. Nd5 Nxd5 12. cxd5 Bd6 13. exf5 Bxf5 14. Qc4 Bg4 15. Ng5 Be2 16. Qc2 Bxf1 17. Bxf1 Nd7 18. Be2 Qh6 19. Bg4 Rf4 20. Be6+ Kf8 21. gxf4 exf4 22. Qf5+ Nf6 23. Bxf4 Ke7 24. Bxd6+ cxd6 25. Rc1 1-0

[Event "Ostrava Konik op-A"]
[Site "Ostrava"]
[Date "2016.04.30"]
[Round "1"]
[White "Slavinsky, Rostislav"]
[Black "Zabystrzan, Pavel"]
[Result "1/2-1/2"]
[WhiteElo "2044"]
[BlackElo "2267"]
[PlyCount "37"]
[EventDate "2016.04.30"]
[EventType "swiss"]
[EventRounds "9"]
[EventCountry "CZE"]
[SourceTitle "CBM 172 Extra"]
[Source "ChessBase"]
[SourceDate "2016.06.21"]
[SourceVersion "1"]
[SourceVersionDate "2016.06.21"]
[SourceQuality "1"]

1. Nf3 Nf6 2. g3 g6 3. Bg2 Bg7 4. 0-0 0-0 5. c4 c5 6. Nc3 d6 7. d4 Nc6 8. dxc5 dxc5 9. Be3 Be6 10. Bxc5 Qa5 11. Be3 Bxc4 12. Re1 Ng4 13. Bd2 Qb6 14. e3 Nge5 15. b3 Be6 16. Na4 Qc7 17. Bc3 Bg4 18. Rc1 Bxf3 19. Bxe5 1/2-1/2